000 01038cam a2200337 a 4500
003 CO-BoRNBP
005 20230518150642.0
007 ta
008 040929s2004 ck r 00011dspa d
020 _a958816074X
040 _aCO-BoRNBP
_bspa
_erda
_cCO-BoRNBP
041 0 _aspa
043 _as-ck---
084 _aN CHAN1
100 1 0 _aCharry, Luis Fernando
_d1976-
_92094
245 1 4 _aLos niños suicidas
_cLuis Fernando Charry
250 _a1a. edición
264 _aBogotá
_bVillegas Editores
_c2004
300 _a152 páginas
_c21 cm.
336 _atexto
_btxt
_2rdacontent
337 _asin mediación
_bn
_2rdamedia
338 _avolumen
_bnc
_2rdacarrier
490 _aVillegas novela
500 _aDonación Villegas Editores
650 1 4 _aNovela colombiana
_2LEMB
_ySiglo XX
_9426
650 1 4 _aLiteratura colombiana
_2LEMB
_ySiglo XX
_9427
650 1 4 _aSuicidio en la literatura
_2LEMB
_92101
650 1 4 _aMuerte en la literatura
_2LEMB
_91050
650 1 4 _aJovenes en la literatura
_2LEMB
_92096
942 _cBKLIT
999 _c9565
_d9565